000 00265nam a2200097Ia 4500
001 647279
005 20250826153659.0
008 250824s9999 xx 000 0 und d
245 0 _aSUMARNA 2 ÇALI SÜPÜRGESİ NİN SIRRI
_cMEHMET BALTAOĞLU
260 _bTİMAŞ ÇOCUK
999 _c647279
_d647279